<?xml version="1.0" encoding="UTF-8"?>
<marc:record xmlns:marc="http://www.loc.gov/MARC21/slim">
   <marc:leader>00000nam a2200000 a 4500</marc:leader>
   <marc:datafield ind1="1" ind2=" " tag="100">
      <marc:subfield code="a">Wieslander, Jujja</marc:subfield>
      <marc:subfield code="4">aut</marc:subfield>
      <marc:subfield code="e">Verfasser/-in</marc:subfield>
   </marc:datafield>
   <marc:datafield ind1="0" ind2="0" tag="245">
      <marc:subfield code="a">Mama Muh spielt Sommer</marc:subfield>
   </marc:datafield>
   <marc:datafield ind1="0" ind2="0" tag="245">
      <marc:subfield code="c">Jujja Wieslander ; Bilder von Sven Nordqvist ; Deutsch von Maike Dörries</marc:subfield>
   </marc:datafield>
   <marc:datafield ind1=" " ind2="1" tag="264">
      <marc:subfield code="a">Hamburg</marc:subfield>
      <marc:subfield code="b">Oetinger</marc:subfield>
      <marc:subfield code="c">2020</marc:subfield>
   </marc:datafield>
   <marc:datafield ind1="1" ind2=" " tag="520">
      <marc:subfield code="a">Angaben aus der Verlagsmeldung

Mama Muh spielt Sommer / von Jujja Wieslander

Mit Mama Muh ist Sommer im Herzen: Im Winter finden Kühe es im Stall am allergemütlichsten – oder? Nun ja, normale Kühe vielleicht, aber Mama Muh nicht! Ihr ist langweilig, und so überredet sie die Krähe zu einem Ausflug nach draußen. Man kann man ja auch einfach so tun, als wäre Sommer. Schließlich findet es eine Kuh wie Mama Muh auch im Winter lustig, auf Bäume zu klettern und rutschen zu gehen. "Mama Muh", ein Bilderbuchklassiker von Sven Nordqvist und Jujja Wieslander.
</marc:subfield>
   </marc:datafield>
   <marc:datafield ind1=" " ind2=" " tag="020">
      <marc:subfield code="a">9783789121197</marc:subfield>
      <marc:subfield code="9">9783789121197</marc:subfield>
   </marc:datafield>
   <marc:datafield ind1=" " ind2=" " tag="020">
      <marc:subfield code="a">3789121193</marc:subfield>
      <marc:subfield code="9">3789121193</marc:subfield>
   </marc:datafield>
   <marc:datafield ind1=" " ind2=" " tag="300">
      <marc:subfield code="a">24 ungezählte Seiten</marc:subfield>
   </marc:datafield>
</marc:record>
